The best ERP-system for business; Молодежь и современные информационные технологии

Dades bibliogràfiques
Parent link:Молодежь и современные информационные технологии.— 2012.— [С. 154-155]
Autor principal: Nikulina A. V.
Altres autors: Kumaritsa A. S. (научный руководитель), Aksenov S. V. Sergey Vladimirovich
Sumari:Заглавие с титульного экрана
Idioma:anglès
Publicat: 2012
Col·lecció:Информационные и интеллектуальные системы
Matèries:
Accés en línia:http://www.lib.tpu.ru/fulltext/c/2012/C04/062.pdf
Format: Electrònic Capítol de llibre
KOHA link:https://koha.lib.tpu.ru/cgi-bin/koha/opac-detail.pl?biblionumber=609923

MARC

LEADER 00000naa2a2200000 4500
001 609923
005 20260327135908.0
035 |a (RuTPU)RU\TPU\conf\7476 
035 |a RU\TPU\conf\7306 
090 |a 609923 
100 |a 20141214d2012 k||y0rusy50 ba 
101 0 |a eng 
102 |a RU 
135 |a drgn ---uucaa 
181 0 |a i  
182 0 |a b 
200 1 |a The best ERP-system for business  |f A. V. Nikulina, A. S. Kumaritsa  |g sci. adv. S. V. Aksenov 
203 |a Текст  |c электронный 
225 1 |a Информационные и интеллектуальные системы 
300 |a Заглавие с титульного экрана 
320 |a [Библиогр.: с. 155 (6 назв.)] 
337 |a Adobe Reader 
463 0 |0 (RuTPU)RU\TPU\conf\6944  |t Молодежь и современные информационные технологии  |o сборник трудов X Международной научно-практической конференции студентов, аспирантов и молодых ученых, г. Томск, 13-16 ноября 2012 г.  |f Национальный исследовательский Томский политехнический университет (ТПУ) ; под ред. Е. А. Сикоры и др.  |v [С. 154-155]  |d 2012 
610 1 |a труды учёных ТПУ 
610 1 |a электронный ресурс 
610 1 |a ERP-системы 
610 1 |a бизнес 
610 1 |a управление 
610 1 |a бизнес-процессы 
610 1 |a SAP 
700 1 |a Nikulina  |b A. V. 
701 1 |a Kumaritsa  |b A. S. 
702 1 |a Aksenov  |b S. V.  |c Specialist in the field of informatics and computer technology  |c Associate Professor of Tomsk Polytechnic University, Candidate of technical sciences  |f 1983-  |g Sergey Vladimirovich  |4 727 
801 2 |a RU  |b 63413507  |c 20141214  |g RCR 
856 4 |u http://www.lib.tpu.ru/fulltext/c/2012/C04/062.pdf 
942 |c BK